The last runaway [CD/sound recording] / by Tracy ... Read More
Available copies
- 2 of 2 copies available at LARL/NWRL Consortium.
Current holds
0 current holds with 2 total copies.
View other formats and editions
Show All Copies
| Location | Call Number / Copy Notes | Barcode | Shelving Location | Status | Due Date |
|---|---|---|---|---|---|
| Greenbush Public Library | BOOK-ON-CD CHE (Text) | 35500005129133 | Main | Available | - |
| Hallock Public Library | BOOK-ON-CD CHE (Text) | 35500005125586 | Main | Available | - |
Record details
- ISBN: 9781470339524
- ISBN: 1470339528
- ISBN: 9781611761412
- ISBN: 1611761417
- Physical Description: 8 sound discs (9 hr., 45 min.) : digital ; 4 3/4 ... Read More
- Edition: Unabridged.
- Publisher: Prince Frederick, MD : Recorded Books, p2013.
Content descriptions
| General Note: | Compact discs. In container (17 cm.). "With tracks every 3 minutes for easy book marking"--Container. |
| Participant or Performer Note: | Narrated by Kate Reading. |
| Summary, etc.: | When English Quaker Honor Bright moves from ... Read More |
Search for related items by subject
| Subject: | Quakers > Fiction. Underground Railroad > Ohio > Fiction. Ohio > History > 1787-1865 > Fiction. |
| Genre: | Historical fiction. Psychological fiction. Audiobooks. |
| LDR | 02267cim a2200529Ia 4500 | ||
|---|---|---|---|
| 001 | 151705 | ||
| 003 | LARL_NWRL_CONSORTIUM | ||
| 005 | 20130422155843.0 | ||
| 007 | sd fungnnmmned | ||
| 008 | 121210s2013 mdunnnn f n eng d | ||
| 020 | . | ‡a9781470339524 | |
| 020 | . | ‡a1470339528 | |
| 020 | . | ‡a9781611761412 | |
| 020 | . | ‡a1611761417 | |
| 024 | 3 | . | ‡a9781611761412 |
| 028 | 0 | 1. | ‡aC02348 ‡bRecorded Books |
| 035 | . | ‡a(OCoLC)826207893 | |
| 040 | . | ‡aRECBX ‡beng ‡cRECBX ‡dOCLCO ‡dORX | |
| 043 | . | ‡an-us-oh | |
| 050 | 1 | 4. | ‡aPS3553.H4367 ‡bL37 2013c |
| 082 | 0 | 4. | ‡a813/.54 ‡223 |
| 100 | 1 | . | ‡aChevalier, Tracy. ‡0(LARL_NWRL_CONSORTIUM)102357 |
| 245 | 1 | 4. | ‡aThe last runaway ‡h[CD/sound recording] / ‡cby Tracy Chevalier. |
| 250 | . | ‡aUnabridged. | |
| 260 | . | ‡aPrince Frederick, MD : ‡bRecorded Books, ‡cp2013. | |
| 300 | . | ‡a8 sound discs (9 hr., 45 min.) : ‡bdigital ; ‡c4 3/4 in. | |
| 500 | . | ‡aCompact discs. | |
| 511 | 0 | . | ‡aNarrated by Kate Reading. |
| 500 | . | ‡aIn container (17 cm.). | |
| 500 | . | ‡a"With tracks every 3 minutes for easy book marking"--Container. | |
| 520 | . | ‡aWhen English Quaker Honor Bright moves from England to Ohio, she finds life marred by the stain of human bondage. Risking all to help slaves escape to freedom, Honor forges a friendship with two women who inspire in her a perseverance she didn't know she was capable of. | |
| 650 | 0. | ‡aQuakers ‡vFiction. ‡0(LARL_NWRL_CONSORTIUM)166976 | |
| 650 | 0. | ‡aUnderground Railroad ‡zOhio ‡vFiction. | |
| 651 | 0. | ‡aOhio ‡xHistory ‡y1787-1865 ‡vFiction. | |
| 655 | 7. | ‡aHistorical fiction. ‡2gsafd | |
| 655 | 0. | ‡aPsychological fiction. | |
| 655 | 7. | ‡aAudiobooks. ‡2lcgft ‡0(LARL_NWRL_CONSORTIUM)175801 | |
| 700 | 1 | . | ‡aReading, Kate. ‡4nrt ‡0(LARL_NWRL_CONSORTIUM)141281 |
| 710 | 2 | . | ‡aRecorded Books, LLC. ‡0(LARL_NWRL_CONSORTIUM)216113 |
| 948 | . | ‡hNO HOLDINGS IN LAL - 57 OTHER HOLDINGS | |
| 994 | . | ‡aZ0 ‡bLAL | |
| 901 | . | ‡a151705 ‡bOCLC ‡c151705 ‡tbiblio | |

Add to basket
Permalink
Disable Highlighting